000 01098nam a22003377a 4500
003 CHAP
005 20220329143717.0
008 110324s1961 nyua r 00010 eng d
010 _a100723
011 _a101695
020 _a0442170416
035 _a112383
040 _cCHAP
082 0 4 _a541.39
_bV28
100 0 0 _aVanderwerf, Calvin A.
_9117875
245 1 0 _aAcids, bases, and the chemistry of the covalent bond
_c/por Calvin A. Vanderwerf
260 _aNew York :
_bD. Van Nostrand Company,
_cc1961
300 _a117 p. :
_bilus., tablas
490 0 _aSelected topics in modern chemistry
590 _aBATCH-UPD
_b10
_c20130110
_lUCH01
_h0948
590 _aBATCH-UPD
_b10
_c20130410
_lUCH01
_h0603
590 _aBATCH-UPD
_b10
_c20130913
_lUCH01
_h1904
590 _aCONVERSION
_b10
_c20130109
_lUCH01
_h1356
650 1 4 _aAcido.
_9567
650 1 4 _aReacciones quĂ­micas.
_994911
830 0 _aSelected topics in modern chemistry
_9103787
901 _aBK
911 _aen proceso
942 _cLIBRO
949 _a541.39 V28
_bBC
_cLIBRO
_d33724002236702
_eLIBRO
_h114460
_i112383
_sb
_t$177.00
999 _c100723
_d100723